Supply and Demand Analysis of a Free Floating Bikesharing System
Článok predstavuje analýzu ponuky a dopytu po zdieľaní bicyklov, nedávno implementovanom v meste Bologna v Taliansku. Hlavné aspekty, ktorými sa zaoberá, sú: analýza dostupnosti bicyklov; časová analýza dopytu, kalibrácia a validácia nového modelu, ktorý predpovedá počet denných jázd.
Uložené v:
| Hlavný autor: | |
|---|---|
| Ďalší autori: | , |
| Médium: | Kapitola |
| Jazyk: | English |
| Predmet: | |
| Tagy: |
Žiadne tagy, Buďte prvý, kto otaguje tento záznam!
|
MARC
| LEADER | 00000naa a2200000 4500 | ||
|---|---|---|---|
| 001 | 0281908 | ||
| 005 | 20220216114139.0 | ||
| 041 | 0 | |a eng | |
| 044 | |a SK | ||
| 245 | 1 | 0 | |a Supply and Demand Analysis of a Free Floating Bikesharing System |c Cristian Poliziani, Joerg Schweizer, Federico Rupi |
| 520 | |a Článok predstavuje analýzu ponuky a dopytu po zdieľaní bicyklov, nedávno implementovanom v meste Bologna v Taliansku. Hlavné aspekty, ktorými sa zaoberá, sú: analýza dostupnosti bicyklov; časová analýza dopytu, kalibrácia a validácia nového modelu, ktorý predpovedá počet denných jázd. | ||
| 610 | 2 | 0 | |a ekonomika zdieľaná |
| 610 | 2 | 0 | |a dopyt |
| 610 | 2 | 0 | |a ponuka |
| 610 | 2 | 0 | |a doprava |
| 100 | 1 | |a Poliziani, Cristian | |
| 700 | 1 | |a Schweizer, Joerg | |
| 700 | 1 | |a Rupi, Federico | |